<?xml version="1.0" encoding="UTF-8"?>
<collection xmlns="http://www.loc.gov/MARC21/slim">
 <record>
  <leader>00897nam a2200205 a 4500</leader>
  <controlfield tag="001">1/27395</controlfield>
  <controlfield tag="008">050725s1997    lu           n000 0 eng  </controlfield>
  <datafield tag="020" ind1=" " ind2=" ">
   <subfield code="a">9282798410</subfield>
  </datafield>
  <datafield tag="035" ind1=" " ind2=" ">
   <subfield code="l">29255</subfield>
  </datafield>
  <datafield tag="040" ind1=" " ind2=" ">
   <subfield code="a">GR-PeUP</subfield>
  </datafield>
  <datafield tag="082" ind1="0" ind2="0">
   <subfield code="a">ΚΕΤ 305.8 EUR</subfield>
  </datafield>
  <datafield tag="245" ind1="0" ind2="4">
   <subfield code="a">The European institutions in the fight against racism:</subfield>
   <subfield code="b">selected texts/</subfield>
   <subfield code="c">European Commission. Directorate-General for Employment, Industrial Relations and Social Affairs</subfield>
  </datafield>
  <datafield tag="260" ind1=" " ind2=" ">
   <subfield code="a">Luxembourg:</subfield>
   <subfield code="b">Office for Official Publications of the European Communities,</subfield>
   <subfield code="c">1997</subfield>
  </datafield>
  <datafield tag="300" ind1=" " ind2=" ">
   <subfield code="a">121 σ.;</subfield>
   <subfield code="c">30 εκ.</subfield>
  </datafield>
  <datafield tag="650" ind1=" " ind2="4">
   <subfield code="a">Racism</subfield>
   <subfield code="z">European Union countries.</subfield>
  </datafield>
  <datafield tag="650" ind1=" " ind2="4">
   <subfield code="a">Minorities</subfield>
   <subfield code="x">Legal status, laws, etc.</subfield>
   <subfield code="z">Europe.</subfield>
  </datafield>
  <datafield tag="650" ind1=" " ind2="4">
   <subfield code="a">Race discrimination</subfield>
   <subfield code="x">Law and legislation</subfield>
   <subfield code="z">European Union countries.</subfield>
  </datafield>
  <datafield tag="710" ind1="2" ind2=" ">
   <subfield code="a">European Commission.</subfield>
  </datafield>
  <datafield tag="830" ind1=" " ind2=" ">
   <subfield code="a">Employment &amp; social affairs.</subfield>
  </datafield>
  <datafield tag="852" ind1=" " ind2=" ">
   <subfield code="a">INST</subfield>
   <subfield code="b">UNIPILB</subfield>
   <subfield code="c">MAIN</subfield>
   <subfield code="e">20050725</subfield>
   <subfield code="h">ΚΕΤ 305.8 EUR</subfield>
   <subfield code="p">00145996</subfield>
   <subfield code="q">00145996</subfield>
   <subfield code="t">LOAN</subfield>
   <subfield code="y">0</subfield>
   <subfield code="4">1</subfield>
  </datafield>
 </record>
</collection>
